000 00566nam a2200181 a 4500
001 2175
005 20140414131854.0
008 010323s19uu xx 00 eng d
020 _a0-688-08160-6
050 _aM 811.54
_bM46 1990
100 _aMeigs, Mildred Plew
245 _aMoon song /
_cwritten by Mildred Plew Meigs ; illustrated by Chris Conover.
260 _aNew York :
_bMorrow Junior Books,
_c1990.
300 _ap. : ill. ; cm.
520 _aA lullaby in which a moon man fishes the sea for many treasure.
650 _aLullabies.
999 _c110353
_d110353